000 00563nam a2200229Ia 4500
003 OSt
005 20220924132630.0
006 a|||||r|||| 00| 0
007 ta
008 220923b |||||||| |||| 00| 0 san d
024 _a75025
037 _cTextual
040 _aARTS
_cARTS
_bsan
041 _2san
_asan
082 _aR65:6, 15F2
245 0 _aBhagavad Gita with tr by Jalima Singh
260 _c1922
650 _a VEDANTA PHILOSOPHY
_92484
650 _aBHAGAVAD GITA
942 _hR65:6, 15F2
_cTEXL
_2CC
999 _c430915
_d430915